| 000 | 00409nam a2200133Ia 4500 | ||
|---|---|---|---|
| 008 | 211109s9999||||xx |||||||||||||| ||und|| | ||
| 082 |
_a894.8123 _bRAJ-B |
||
| 100 | _aRajaraja Varma A R, | ||
| 245 | 0 | _aBashakumara Sambhavam | |
| 260 |
_bRamavarma Appanthampuran _aMisplace _c1924 |
||
| 630 | _xGeneral Stack | ||
| 650 |
_aLiterature & rhetoric _vmalayalam literaturemalayalam novel _xGeneralia |
||
| 942 | _cBOOK | ||
| 999 |
_c16310 _d16310 |
||